000 01017cab a2200265 4500
001 ABS50987
008 090401t1994 xxu||||| |||| 00| 0 eng d
035 _a(Sirsi) u3960
041 _aeng
100 _aArmitage, R.
245 _aBringing ASTI to LIFE
260 _c1994
350 _a0
490 _aSurveyor
_v181(5297) 23 June 1994, 14-15(2)
520 _aLooks at Camden`s plans for Accessible Sustainable Transport Integration, part of its experimental initiative to find practical ways of running local transport fleets, taking into account the environment, sustainability and the needs of older, disabled or ill people. Considers resource integration and the European/international dimension.
650 _aACCESSIBLE SUSTAINABLE TRANSPORT INTEGRATION
650 _aASTI
650 _aCAMDEN COMMUNITY TRANSPORT (CCT)
650 _aCAMDEN LBC
650 _aINTEGRATED TRANSPORT
650 _aLIFE PROGRAMME
690 _aTRANSPORT AND COMMUNICATIONS
942 _n0
948 _c04/03/1997
999 _c2380
_d2380